000 00471pab a2200169 454500
008 180718b2007 xxu||||| |||| 00| 0 eng d
100 _aSahoo, Ajaya Kumar
245 _aReconceptualising `immigrants': the idea of transnational citizens and its implications for social work
260 _c2007
300 _ap.471-84.
362 _aOct
650 _aImmigrants
700 _aSangha, Dave
773 _aIndian Journal of Social Work
908 _aN
909 _a85752
999 _c85752
_d85752